[Event "Helsinki We EtVaS B"]
[Site "Helsinki"]
[Date "2016.05.29"]
[Round "5"]
[White "Tuominen, Joona"]
[Black "Ranta, Ari"]
[Result "1/2-1/2"]
[WhiteElo "1859"]
[BlackElo "1939"]
[PlyCount "38"]
[EventDate "2016.05.27"]
[EventType "swiss"]
[EventRounds "5"]
[EventCountry "FIN"]
[SourceTitle "EXT 2022"]
[Source "ChessBase"]
[SourceDate "2021.10.06"]
[SourceVersion "1"]
[SourceVersionDate "2021.10.06"]
[SourceQuality "1"]

1. Nf3 d5 2. c4 e6 3. g3 c5 4. cxd5 exd5 5. d4 Nf6 6. Bg2 Nc6 7. 0-0 Qb6 8. dxc5 Bxc5 9. Nc3 Ne4 10. Nxe4 dxe4 11. Ne1 e3 12. fxe3 Bxe3+ 13. Bxe3 Qxe3+ 14. Kh1 0-0 15. Rf3 Qe7 16. Nc2 Bg4 17. Re3 Qc5 18. h3 Bf5 19. Rc3 Qe5 1/2-1/2

[Event "Helsinki We EtVaS B"]
[Site "Helsinki"]
[Date "2016.05.28"]
[Round "3"]
[White "Ranta, Ari"]
[Black "Bergman, Thomas"]
[Result "1-0"]
[WhiteElo "1939"]
[BlackElo "1866"]
[PlyCount "79"]
[EventDate "2016.05.27"]
[EventType "swiss"]
[EventRounds "5"]
[EventCountry "FIN"]
[SourceTitle "EXT 2022"]
[Source "ChessBase"]
[SourceDate "2021.10.06"]
[SourceVersion "1"]
[SourceVersionDate "2021.10.06"]
[SourceQuality "1"]

1. d4 d5 2. c4 c6 3. Nc3 Nf6 4. Nf3 g6 5. cxd5 Nxd5 6. e4 Nxc3 7. bxc3 Bg7 8. Be3 0-0 9. Qd2 Bg4 10. Be2 Qa5 11. 0-0 Rd8 12. Qb2 Qc7 13. Rab1 b6 14. h3 Bc8 15. Bc4 e6 16. e5 Nd7 17. Ng5 h6 18. Ne4 c5 19. Rbc1 Bb7 20. Nd6 Bd5 21. Bxd5 exd5 22. Qd2 h5 23. Bh6 Nf8 24. Bxg7 Kxg7 25. f4 f5 26. dxc5 Qxc5+ 27. Kh1 Rd7 28. Rf3 Ne6 29. Rd3 Nc7 30. c4 Rxd6 31. exd6 Qxd6 32. cxd5 Na6 33. Rc6 Qd7 34. Qc3+ Kh6 35. Qf6 Rg8 36. Rg3 Qh7 37. Re6 Nc5 38. Qg5+ Kg7 39. Re7+ Kh8 40. Qf6+ 1-0

[Event "FIN-chT2 Gp1 1516"]
[Site "Finland"]
[Date "2016.02.06"]
[Round "6.4"]
[White "Salopaa, Tero"]
[Black "Ranta, Ari"]
[Result "0-1"]
[WhiteElo "2117"]
[BlackElo "1880"]
[PlyCount "62"]
[EventDate "2015.09.12"]
[EventType "team-tourn"]
[EventRounds "6"]
[EventCountry "FIN"]
[SourceTitle "EXT 2017"]
[Source "ChessBase"]
[SourceDate "2016.10.25"]
[SourceVersion "1"]
[SourceVersionDate "2016.10.25"]
[SourceQuality "1"]
[WhiteTeam "Turku TuTS II"]
[BlackTeam "Helsinki MeRa"]
[WhiteTeamCountry "FIN"]
[BlackTeamCountry "FIN"]

1. d4 Nf6 2. Nf3 d5 3. Bf4 e6 4. e3 c6 5. Bd3 Nbd7 6. c3 Be7 7. h3 Ne4 8. Qc2 f5 9. g4 0-0 10. Rg1 fxg4 11. hxg4 g5 12. Nxg5 Bxg5 13. Bxe4 dxe4 14. Bd6 Rf7 15. Qxe4 Nf6 16. Qe5 Ne8 17. Ba3 Qd5 18. Qxd5 cxd5 19. f4 Be7 20. g5 Bd7 21. g6 hxg6 22. Bxe7 Rxe7 23. Rxg6+ Rg7 24. Rh6 Rg1+ 25. Kf2 Rc1 26. Rh2 Nf6 27. Rg2+ Kf7 28. Ke2 Ne4 29. Kf3 Rf1+ 30. Kg4 Rg8+ 31. Kh3 Rh1+ 0-1

[Event "FIN-chT2 Gp1 1516"]
[Site "Finland"]
[Date "2015.10.10"]
[Round "2.3"]
[White "Ranta, Ari"]
[Black "Piippo, Mikko"]
[Result "1-0"]
[WhiteElo "1880"]
[BlackElo "1830"]
[PlyCount "167"]
[EventDate "2015.09.12"]
[EventType "team-tourn"]
[EventRounds "6"]
[EventCountry "FIN"]
[SourceTitle "EXT 2017"]
[Source "ChessBase"]
[SourceDate "2016.10.25"]
[SourceVersion "1"]
[SourceVersionDate "2016.10.25"]
[SourceQuality "1"]
[WhiteTeam "Helsinki MeRa"]
[BlackTeam "Helsinki LauttSK II"]
[WhiteTeamCountry "FIN"]
[BlackTeamCountry "FIN"]

1. e4 d5 2. exd5 Qxd5 3. Nf3 Nf6 4. d4 Bg4 5. Be2 e6 6. 0-0 Be7 7. c4 Qd8 8. Qb3 b6 9. Rd1 0-0 10. Nc3 Nbd7 11. Bg5 c5 12. dxc5 bxc5 13. Bxf6 Bxf6 14. Qb5 e5 15. Ne4 Rb8 16. Qc6 Rb6 17. Nxf6+ Qxf6 18. Qxf6 Nxf6 19. Rd2 Ne4 20. Rc2 Bf5 21. Nh4 Be6 22. Rd1 Rd6 23. Rxd6 Nxd6 24. b3 Rd8 25. Rd2 Kf8 26. Nf3 f6 27. Ne1 Ke7 28. f3 Nf5 29. Rxd8 Kxd8 30. Nd3 Nd4 31. Kf2 Kc7 32. Nxc5 Bf7 33. Bd3 Kc6 34. Na4 h6 35. Ke3 f5 36. Kd2 g5 37. Nb2 Kc5 38. Kc3 h5 39. b4+ Kc6 40. Nd1 Be6 41. a3 Bd7 42. Ne3 Be6 43. Nc2 Nxc2 44. Kxc2 g4 45. Kc3 Bd7 46. Kd2 Kd6 47. Ke3 Ke6 48. fxg4 hxg4 49. g3 Kd6 50. Bc2 Be6 51. c5+ Kc6 52. Ba4+ Kc7 53. Bb5 Kb7 54. Be8 Kc7 55. b5 Kd8 56. Bc6 Kc7 57. Bg2 Bc4 58. a4 Bb3 59. Bf1 Bxa4 60. Bd3 e4 61. Bc4 Bc2 62. b6+ axb6 63. cxb6+ Kxb6 64. Be6 Kc6 65. Bxf5 Bd1 66. Kxe4 Kd6 67. Kf4 Ke7 68. Bxg4 Bb3 69. Kg5 Kf7 70. Bf5 Kg7 71. h4 Kh8 72. Kf4 Bd1 73. Be4 Bh5 74. Bf3 Bf7 75. g4 Bh5 76. g5 Be8 77. h5 Bb5 78. Ke5 Bd3 79. Kf6 Bc2 80. Bg4 Bd3 81. g6 Bc4 82. h6 Bf7 83. gxf7 Kh7 84. Bf5+ 1-0

[Event "Helsinki Timo Munukan 50v B"]
[Site "Helsinki"]
[Date "2015.02.21"]
[Round "2"]
[White "Laukkanen, Jere"]
[Black "Ranta, Ari"]
[Result "1-0"]
[WhiteElo "1898"]
[BlackElo "1945"]
[PlyCount "51"]
[EventDate "2015.02.21"]
[EventType "swiss"]
[EventRounds "5"]
[EventCountry "FIN"]
[SourceTitle "EXT 2022"]
[Source "ChessBase"]
[SourceDate "2021.10.06"]
[SourceVersion "1"]
[SourceVersionDate "2021.10.06"]
[SourceQuality "1"]

1. e4 c5 2. Nc3 Nc6 3. f4 e5 4. fxe5 Nxe5 5. Nf3 d6 6. Nxe5 dxe5 7. Bc4 Nf6 8. d3 a6 9. 0-0 b5 10. Bb3 Ra7 11. Qf3 Be6 12. Qg3 Qb8 13. Rf3 a5 14. Bg5 Be7 15. Raf1 Bxb3 16. axb3 c4 17. Bxf6 Bxf6 18. Nd5 cxb3 19. Nxf6+ gxf6 20. cxb3 Qb6+ 21. Kh1 Rc7 22. h3 Qd4 23. Qg7 Rf8 24. Qxf6 Qxb2 25. Rf5 Qxb3 26. Rxe5+ 1-0

[Event "Helsinki Timo Munukan 50v B"]
[Site "Helsinki"]
[Date "2015.02.21"]
[Round "1"]
[White "Ranta, Ari"]
[Black "Terasalo, Kari"]
[Result "1/2-1/2"]
[WhiteElo "1945"]
[BlackElo "1843"]
[PlyCount "28"]
[EventDate "2015.02.21"]
[EventType "swiss"]
[EventRounds "5"]
[EventCountry "FIN"]
[SourceTitle "EXT 2022"]
[Source "ChessBase"]
[SourceDate "2021.10.06"]
[SourceVersion "1"]
[SourceVersionDate "2021.10.06"]
[SourceQuality "1"]

1. d4 Nf6 2. c4 g6 3. Nc3 a6 4. e4 d6 5. f3 Nc6 6. Be3 Bd7 7. Bd3 e5 8. Nge2 exd4 9. Nxd4 Ne5 10. Be2 c5 11. Nc2 Be6 12. b3 Bg7 13. Qd2 0-0 14. Bh6 Nxe4 1/2-1/2

[Event "Helsinki-chB 0708"]
[Site "Helsinki"]
[Date "2007.12.29"]
[Round "3"]
[White "Ranta, Ari"]
[Black "Kangas, Mauno"]
[Result "0-1"]
[WhiteElo "1885"]
[BlackElo "2033"]
[PlyCount "74"]
[EventDate "2007.12.27"]
[EventType "tourn"]
[EventRounds "9"]
[EventCountry "FIN"]
[SourceTitle "EXT 2009"]
[Source "ChessBase"]
[SourceDate "2008.11.26"]
[SourceVersion "1"]
[SourceVersionDate "2008.11.26"]
[SourceQuality "1"]

1. e4 e6 2. d4 d5 3. Nd2 c5 4. c3 Nc6 5. Bb5 a6 6. Bxc6+ bxc6 7. e5 cxd4 8. cxd4 c5 9. Ne2 Bd7 10. 0-0 Ne7 11. Nb3 Nc6 12. Bf4 c4 13. Nbc1 Bb4 14. b3 Qa5 15. Qc2 Rc8 16. bxc4 dxc4 17. a3 0-0 18. axb4 Qxa1 19. Na2 Nxd4 20. Qd2 Nxe2+ 21. Qxe2 Qd4 22. Bd2 Bb5 23. Bc3 Qd3 24. Qg4 Qc2 25. Ra1 Rfd8 26. h4 Rd3 27. h5 h6 28. Bd4 Rd8 29. Be3 Rd1+ 30. Kh2 Rxa1 31. Bxh6 Qh7 32. Bg5 Rdd1 33. Bc1 Rd5 34. Nc3 Rxe5 35. Bg5 f6 36. f4 Ree1 37. Kg3 Qd3+ 0-1

[Event "Helsinki-chB 0708"]
[Site "Helsinki"]
[Date "2007.12.28"]
[Round "2"]
[White "Turtiainen, Tauno"]
[Black "Ranta, Ari"]
[Result "0-1"]
[WhiteElo "2062"]
[BlackElo "1885"]
[PlyCount "60"]
[EventDate "2007.12.27"]
[EventType "tourn"]
[EventRounds "9"]
[EventCountry "FIN"]
[SourceTitle "EXT 2009"]
[Source "ChessBase"]
[SourceDate "2008.11.26"]
[SourceVersion "1"]
[SourceVersionDate "2008.11.26"]
[SourceQuality "1"]

1. e4 c5 2. Nf3 e6 3. d4 cxd4 4. Nxd4 a6 5. c4 Nf6 6. Nc3 Bb4 7. Bd3 Qa5 8. Nde2 Nc6 9. Bf4 d5 10. exd5 exd5 11. 0-0 Be6 12. cxd5 Nxd5 13. Nxd5 Qxd5 14. Ng3 Rd8 15. Be4 Qxd1 16. Raxd1 Rxd1 17. Rxd1 Bxa2 18. Rc1 Kd7 19. b3 Re8 20. h4 Bxb3 21. Rb1 Rxe4 22. Nxe4 Bc2 23. Nc5+ Bxc5 24. Rxb7+ Ke6 25. Bd2 Bd4 26. Be3 Bxe3 27. fxe3 a5 28. Rb6 Be4 29. Ra6 Kd6 30. Kf2 Kc5 0-1

[Event "Helsinki-chB 0708"]
[Site "Helsinki"]
[Date "2007.12.27"]
[Round "1"]
[White "Ranta, Ari"]
[Black "Haggren, Stig Olof"]
[Result "1-0"]
[WhiteElo "1885"]
[BlackElo "2077"]
[PlyCount "89"]
[EventDate "2007.12.27"]
[EventType "tourn"]
[EventRounds "9"]
[EventCountry "FIN"]
[SourceTitle "EXT 2009"]
[Source "ChessBase"]
[SourceDate "2008.11.26"]
[SourceVersion "1"]
[SourceVersionDate "2008.11.26"]
[SourceQuality "1"]

1. e4 c5 2. Nf3 d6 3. d4 Nf6 4. Bb5+ Bd7 5. Qe2 a6 6. Bxd7+ Nbxd7 7. d5 g6 8. c4 Bg7 9. Nc3 0-0 10. 0-0 Ng4 11. Ng5 Ngf6 12. f4 Qc7 13. Qd3 b5 14. f5 Ne5 15. Qh3 Qd7 16. Qh4 bxc4 17. Bf4 Rfb8 18. Bxe5 dxe5 19. fxg6 hxg6 20. d6 Qg4 21. Qxg4 Nxg4 22. dxe7 Bf6 23. Nf3 Bxe7 24. Nd5 Bd8 25. h3 Nf6 26. Nxe5 Nxe4 27. Nxc4 Kg7 28. Rae1 f5 29. g4 Bh4 30. Re3 Bg5 31. Ref3 Nd2 32. Nxd2 Bxd2 33. b3 Rh8 34. gxf5 gxf5 35. Rg3+ Kf7 36. Rxf5+ Ke6 37. Rgf3 Rag8+ 38. Kf2 Bc1 39. Nc7+ Kd6 40. Nxa6 Bb2 41. b4 Bd4+ 42. Ke2 Rg2+ 43. Kd3 Kc6 44. Nxc5 Bxc5 45. Rxc5+ 1-0